| 000 | 00563nam a2200181 4500 | ||
|---|---|---|---|
| 005 | 20260119170018.0 | ||
| 010 | _aENG-147523 | ||
| 020 |
_a9789392066726 _c795.00 |
||
| 035 | _aEN-131055 | ||
| 037 | _bDBAD | ||
| 082 |
_a371.30281 _b1 |
||
| 100 |
_aGupta, Princy _986588 |
||
| 245 |
_aExam Execellence : _bMastering 10+2 with Confidence / _cPrincy Gupta |
||
| 260 |
_aNew Delhi _bRaj Publications _c2024 |
||
| 270 |
_a108, 4855/24, Ansari Road, Daryaganj _bNew Delhi _e110002 |
||
| 300 |
_a240p. _c22cm (hb) |
||
| 942 |
_2ddc _cEN _h371.30281 _mGUP |
||
| 999 |
_c214277 _d214277 |
||